LEADER 00979nam0 2200277 450 001 000013278 005 20080618174925.0 010 $a88-065-9238-6 100 $a20080618d1986----km-y0itay50------ba 101 0 $aita 102 $aIT 105 $ay-------001yy 200 1 $aMezzogiorno e modernizzazione$eelettricitą, irrigazione e bonifica nell'Italia contemporanea$fGiuseppe Barone 210 $aTorino$cEinaudi$d1986 215 $aXII, 408 p.$d22 cm 225 2 $aBiblioteca di cultura storica$v160 410 0$12001$aBiblioteca di cultura storica 610 1 $aBonifica agraria$aItalia meridionale$a1900-1940 610 1 $aItalia meridionale$aInterventi statali$a1900-1940 676 $a338.9457$v19$9Sviluppo economico. Italia meridionale 700 1$aBarone,$bGiuseppe$0290853 801 0$aIT$bUNIPARTHENOPE$c20080618$gRICA$2UNIMARC 912 $a000013278 951 $a123/47$b67/CNR$cNAVA2 996 $aMezzogiorno e modernizzazione$9870784 997 $aUNIPARTHENOPE